Regional Tourism Management in the Slovak Republic

Model regionálneho manažmentu cestovného ruchu pre SR. Model zahŕňa: 1. ciele regionálneho rozvoja cestovného ruchu, 2. regionálne politiky cestovného ruchu, 3. systém 7 marketingových regiónov cestovného ruchu. Model sa odvíja od praktických skúseností a poznatkov Directoriate General XXIII Európsk...

ver descrição completa

Na minha lista:
Detalhes bibliográficos
Autor principal: Baláž, Vladimír
Formato: Capítulo de Livro
Idioma:inglês
Assuntos:
Tags: Adicionar Tag
Sem tags, seja o primeiro a adicionar uma tag!

MARC

LEADER 00000naa a2200000 4500
001 r026052
005 20230921122721.5
041 0 |a eng 
044 |a SK 
245 1 0 |a Regional Tourism Management in the Slovak Republic  |c Vladimír Baláž 
520 |a Model regionálneho manažmentu cestovného ruchu pre SR. Model zahŕňa: 1. ciele regionálneho rozvoja cestovného ruchu, 2. regionálne politiky cestovného ruchu, 3. systém 7 marketingových regiónov cestovného ruchu. Model sa odvíja od praktických skúseností a poznatkov Directoriate General XXIII Európskej komisie. 
610 2 0 |a ruch cestovný 
610 2 0 |a regióny 
610 2 0 |a Slovensko 
610 2 0 |a manažment 
610 2 0 |a modely 
610 2 0 |a politika regionálna 
610 2 0 |a marketing 
100 1 |a Baláž, Vladimír